Pla d'equipaments culturals de Tiana
Publicado:
Barcelona :
Diputació de Barcelona. Centre d'Estudis i Recursos Culturals (CERC) : Ajuntament de Tiana ,
2013
Descripción Física:
129 p. ; 30 cm.
Materias:
Equipaments culturals -- Tiana
Idioma:
Catalán
MARC
| LEADER | 00000nam a22000007a 4500 | ||
|---|---|---|---|
| 001 | 25104 | ||
| 008 | 211229b spa||||| |||| 00| 0 cat d | ||
| 080 | |a Bib-377 | ||
| 100 | |a Roig, Aina, coord. |9 52447 | ||
| 245 | |a Pla d'equipaments culturals de Tiana | ||
| 260 | |a Barcelona : |b Diputació de Barcelona. Centre d'Estudis i Recursos Culturals (CERC) : |b Ajuntament de Tiana ; |c 2013 | ||
| 300 | |a 129 p. ; |c 30 cm. | ||
| 650 | 0 | |9 52446 |a Equipaments culturals |z Tiana | |
| 710 | |a Tiana (Catalunya). |b Ajuntament |9 17297 | ||
| 710 | 1 | |a Barcelona (Catalunya : Província). |b Centre d'Estudis i Recursos Culturals |9 52487 | |
| 942 | |2 udc |c ARXIU |n 1 | ||
| 952 | |0 0 |1 0 |4 0 |6 BIB377 |7 1 |9 60929 |a Arxiu |b Arxiu |d 2021-12-29 |l 0 |o Bib-377 |p 25104 |r 2021-12-29 00:00:00 |w 2021-12-29 |y ARXIU | ||
| 999 | |c 81054 |d 81054 | ||